Monografie delle principali cultivar di melo /

Guardado en:
Autor Principal: Baldini, Enrico.
Otros Autores: Sansavini, S.
Formato: Libro
Idioma:Italian
Publicado: Bologna : Consiglio Nazionale delle Richerche, 1967.
Etiquetas: Agregar Etiqueta
Sin Etiquetas, Sea el primero en etiquetar este registro!
LEADER 00593nam a22001575a 4500
001 EEA.libagro003264
005 20190613105923.0
008 130809s1967####it#a##########000#0#ita#d
082 0 4 |a 634.11 
100 1 |a Baldini, Enrico. 
245 1 0 |a Monografie delle principali cultivar di melo /  |c E. Baldini e S. Sansavini. 
260 |a Bologna :  |b Consiglio Nazionale delle Richerche,  |c 1967. 
300 |a 302 p. :  |b il. (algunos col.) ;  |c 25 cm. 
500 |a "Istituto di coltivazioni arboree dell'Università di Bologna.". 
700 1 |a Sansavini, S. 
859 |a AR-BbBCA  |b BIB. AGRONOMIA  |h 634.11  |i B177  |p 1983/0010